000 01094ngm a22003250a 4500
001 PT16553
003 AR-LpoUNG
005 20210202000215.0
007 vd cvaizq
008 191001s2001||||ag |||||||||||||||||spa d
037 _c$8.30
040 _aAR-LpoUNG
_bspa
_cAR-LpoUNG
_eaacr
041 _aspa
044 _aag
082 0 _a909 532v24
245 1 3 _aLa gran guerra y el facismo :
_bla segunda guerra mundial
260 _aBuenos Aires :
_bKalender Video Argentina,
_c2001.
300 _aVHS (56 min.) : son., byn, col.
520 _aEl surgimiento de la cuestión nacional y el reconocimiento de la personalidad cultural de los pueblos provoca una oleada expansionista sin precedentes. Surge el Fascismo y, como su consecuencia, el mundo camina inevitablemente hacia el holocausto de la 2 Guerra Mundial.
650 4 _aCONFLICTOS ARMADOS
650 4 _aCULTURA
650 4 _aEUROPA
650 4 _aGUERRA
650 4 _aSOCIEDAD
653 _aDOCUMENTALES
653 _aVIDEOS
710 2 _aMetropolitan Museum of Art (New York)
905 _a16553
942 _cVIDEO
999 _c54336
_d54336